000 00296nam a22001337a 4500
999 _c524546
_d524546
003 NUST
020 _c(Hbk)
038 _aM. Shaban
082 _a333.7
_bVER
100 _aVerma, Satish Kumar
_915353
245 _aVatavaran chetna /
_cSatish Kumar Verma
300 _a86 p. ;
942 _2ddc
_cBK